<?xml version="1.0" encoding="UTF-8"?>
<marc:record xmlns:marc="http://www.loc.gov/MARC21/slim">
   <marc:leader>00000nam a2200000 a 4500</marc:leader>
   <marc:datafield ind1="0" ind2="0" tag="245">
      <marc:subfield code="a">Fohlen</marc:subfield>
   </marc:datafield>
   <marc:datafield ind1="0" ind2="0" tag="245">
      <marc:subfield code="b">Kinderfilm Pferde</marc:subfield>
   </marc:datafield>
   <marc:datafield ind1=" " ind2="1" tag="264">
      <marc:subfield code="a">München</marc:subfield>
   </marc:datafield>
   <marc:datafield ind1="1" ind2=" " tag="520">
      <marc:subfield code="a">"Das Glück der Erde liegt auf dem Rücken der Pferde" - für alle Reitbegeisterten, die diesem Sprichwort aus vollem Herzen zustimmen, ist die DVD "Fohlen" genau das Richtige. Denn besonders der niedliche Nachwuchs dieser anmutigen und edlen Geschöpfe lässt nicht nur jugendliche Pferdemädchen, sondern auch erwachsene Pferdenarren in Verzückung geraten. Beobachten Sie auf dieser DVD neugierige und verspielte Fohlen, die auf grünen Wiesen grasen und herumtollen. Erleben Sie hautnah, wie liebevoll und zärtlich die Pferdemutter mit ihrem Nachwuchs umgeht und ihn behütet.  &lt;br/&gt;</marc:subfield>
   </marc:datafield>
   <marc:datafield ind1="3" ind2=" " tag="024">
      <marc:subfield code="a">4006408948407</marc:subfield>
   </marc:datafield>
   <marc:datafield ind1=" " ind2=" " tag="041">
      <marc:subfield code="a">ger</marc:subfield>
   </marc:datafield>
   <marc:datafield ind1="1" ind2=" " tag="521">
      <marc:subfield code="a">0</marc:subfield>
   </marc:datafield>
   <marc:datafield ind1=" " ind2=" " tag="306">
      <marc:subfield code="a">00:53:00</marc:subfield>
   </marc:datafield>
</marc:record>
